| 000 | 00462nab a2200145Ia 4500 | ||
|---|---|---|---|
| 003 | ES-SlBCS | ||
| 005 | 20210601132852.0 | ||
| 008 | 140529s1963 xxu||||| |||| 00| 0 ita d | ||
| 041 | _aita | ||
| 100 | 1 |
_aGiannini, Giorgio _962848 |
|
| 245 | 0 | 0 |
_aIn margine alla filosofia dell'integralità _c Giorgio Giannini |
| 650 | 0 | 4 |
_aFilosofía de la Integralidad _9199663 |
| 773 | 0 |
_tGiornali di Metafisica _gvol. 18, nº. 6, 1963, págs. 651-660 _w0017-0372 |
|
| 942 | _cAR | ||
| 999 |
_c586936 _d586936 |
||